| Поле | Инд. | ПП | Название | Значение |
|---|---|---|---|---|
| Тип записи | a | |||
| Библиографический уровень | m | |||
| 001 | Контрольный номер | RU/URAIT/582315 | ||
| 005 | Дата корректировки | 20260527113143.3 | ||
| 020 | a | ISBN | 978-985-503-574-0 | |
| 040 | e | Правила каталог. | RCR | |
| 041 | 0_ | a | Код языка текста | rus |
| 044 | a | Код страны публикации | RU | |
| 080 | a | Индекс УДК | 33(075.32) | |
| 097 | b | Оператор | *Ви* | |
| 100 | 1_ | a | Автор | Колесников А.А. |
| 245 | 10 | a | Заглавие | Внешнеэкономическая деятельность |
| b | Продолж. заглавия | учебное пособие для СПО | ||
| b | Продолж. заглавия | в составе учебно-методического комплекса | ||
| 260 | a | Место издания | Минск | |
| b | Издательство | Республиканский институт профессионального образования (РИПО) | ||
| c | Дата издания | 2016 | ||
| 300 | a | Объем | 288 с. | |
| 440 | _0 | a | Серия | УМК-У |
| 516 | 8_ | a | Прим. о типе комп. файла/ данных | Текст : электронный |
| 516 | 8_ | a | Прим. о типе комп. файла/ данных | Режим доступа: по подписке |
| 516 | 8_ | a | Прим. о типе комп. файла/ данных | Дата обращения: 02.03.2026 |
| 520 | 0_ | a | Аннотация | В учебном пособии проанализированы направления развития международной экономики, перспективы внешнеэкономической деятельности Республики Беларусь. Рассмотрены все аспекты внешнеэкономической деятельности организаций: регулирование внешней торговли в Евразийском экономическом союзе, осуществление внешнеторговых сделок, содержание договора международной купли-продажи, транспортное и валютно-финансовое обеспечение внешнеторговой деятельности. Предназначено для учащихся экономических специальностей учреждений среднего специального образования. Может быть полезно студентам вузов, а также практическим работникам в сфере внешнеэкономической деятельности. |
| 521 | 0_ | a | Примеч. о целев. назн. | Гарантированный срок размещения в IPR SMART до 07.04.2030 (автопролонгация) |
| 535 | 1_ | a | Хранилище | ЦОР IPR SMART |
| 583 | a | Действие | Приписка : УМК | |
| 653 | 0_ | a | Ключевые слова | Внешнеэкономическая деятельность |
| 653 | 0_ | a | Ключевые слова | Внешнеторговые сделки |
| 653 | 0_ | a | Ключевые слова | Налоговый учет |
| 653 | 0_ | a | Ключевые слова | СПО |
| 773 | 18 | w | Контрольный № источника | b9cec07690624c17b6cbdc11fe9aa37a |
| 856 | 40 | u | URL | https://www.iprbookshop.ru/67620.html |
| 901 | t | Тип документа | m | |
| 905 | b | Дата создания записи обработка | 12.03.26 | |
| c | Дата приписки | 27.05.26 |